LEADER 00857nam0 2200217 450 001 000015220 005 20181115114115.0 100 $a20080805d1943----km-y0itay50------ba 101 0 $aita 102 $aIT 105 $ay---n---001yy 200 1 $aManuale dell'udienza civile$eCarta del lavoro. Codice civile. Leggi cambiarie. Legge sul fallimento. Concordato preventivo, ecc. Codice procedura civile. Tariffe avvocati e procuratori. Disposizioni inerenti. Oltre 8000 richiami. Indice analitico e tavole di raffronto$fGuido Ballocca 210 $aPinerolo$cTip. G. Alzani$d1943 215 $aV, 1360 p.$d18 cm 676 $a340.03$v18 700 1$aBallocca,$bGuido$0227236 801 0$aIT$bUNIPARTHENOPE$c20080805$gRICA$2UNIMARC 912 $a000015220 951 $a340.03/107$b6830$cNAVA4 996 $aManuale dell'udienza civile$91202739 997 $aUNIPARTHENOPE